000 00931nam a22002297a 4500
999 _c20574
_d20574
005 20191108073756.0
008 191108b xxu||||| |||| 00| 0 spa d
040 _aCO-BoIAVH
_cCO-BoIAVH
041 _aspa
044 _ack
082 _a333.72
_bC38p
110 _aTratado de Cooperación Amazónica.
245 1 0 _aProyecto planificación y manejo de áreas protegidas de la región amazónica:
_breseña histórica de su formulación y puesta en marcha
260 _aBogotá:
_bInstituto Nacional de los Recursos Naturales Renovables y del Medio Ambiente ( INDERENA,)
_c1993.
300 _a146 páginas
_c24 x 17cm
650 0 _aÁreas naturales protegidas
650 0 _aConservación de los recursos naturales
_zColombia
650 0 _aCuenca del Amazonas
710 _aTratado de Cooperación Amazónica TCA
710 _aComunidad Económica Europea
942 _2ddc
_cLIBRO